Sepulcros megalíticos de la comarca del Moyanés / por Ricardo Batista Noguera ; prólogo de Luis Pericot
Publicado:
Barcelona :
Instituto de Prehistoria y Arqueología de la Diputación Provincial de Barcelona ,
1961
Descripción Física:
VII p. : il. ; [36] fitxes : il. ; 28 cm
Colección:
Corpus de Monumentos Megalíticos. España ; 1
Otros Autores:
Pericot i García, Lluís
MARC
| LEADER | 00000nam a2200000Ia 4500 | ||
|---|---|---|---|
| 001 | 1849 | ||
| 008 | 160829s1961 xx 000 0 cat d | ||
| 080 | |a H-1-283 | ||
| 100 | |a Batista i Noguera, Ricard |9 31632 | ||
| 245 | |a Sepulcros megalíticos de la comarca del Moyanés / por Ricardo Batista Noguera ; prólogo de Luis Pericot | ||
| 260 | |a Barcelona : |b Instituto de Prehistoria y Arqueología de la Diputación Provincial de Barcelona, |c 1961 | ||
| 300 | |a VII p. : |b il. ; |c [36] fitxes : il. ; |c 28 cm | ||
| 490 | |a Corpus de Monumentos Megalíticos. España ; 1 | ||
| 650 | |a Tombes |x Moianès |9 35999 | ||
| 650 | |a Megàlits |x Moianès |9 36000 | ||
| 650 | |a Dòlmens |x Moianès I |9 36001 | ||
| 650 | |a Moianès |x Arqueologia |9 36002 | ||
| 700 | |a Pericot i García, Lluís |9 20529 | ||
| 710 | 2 | |a Instituto de Prehistoria y Arqueología (Barcelona, Catalunya) |9 54255 | |
| 901 | |a Arxiu | ||
| 942 | |n 1 |2 udc | ||
| 952 | |0 0 |1 0 |4 0 |6 H1283 |7 1 |9 47145 |a Arxiu |b Arxiu |d 2016-12-01 |l 0 |o H-1-283 |p 1849 |r 2016-12-01 00:00:00 |w 2016-12-01 |y ARXIU | ||
| 999 | |c 50942 |d 50942 | ||